El Cos i les titelles a l'escola : tècniques d'expressió dramàtica i simbòlica / Javier Moreno Leal tècniques d'expressió dramàtica i simbòlica / Javier Moreno Leal
Descripción Física:
41, [81] f. : il. ; 30 cm
Materias:
Expressió corporal
MARC
| LEADER | 00000nam a2200000Ia 4500 | ||
|---|---|---|---|
| 001 | 2013 | ||
| 008 | 160829s9999 xx 000 0 cat d | ||
| 080 | |a E-1-161 | ||
| 100 | |a Moreno Leal, Javier |9 25922 | ||
| 245 | |a El Cos i les titelles a l'escola : |b tècniques d'expressió dramàtica i simbòlica / Javier Moreno Leal | ||
| 260 | |a Barcelona : |b Diputació de Barcelona, Servei d'Ensenyament i Investigació, [198 - ?] | ||
| 300 | |a 41, [81] f. : |b il. ; |c 30 cm | ||
| 650 | |a Expressió corporal |9 25923 | ||
| 710 | 1 | |a Barcelona (Catalunya : Província). |b Servei d'Ensenyament i Investigació |9 54366 | |
| 901 | |a Arxiu | ||
| 942 | |n 1 | ||
| 952 | |0 0 |1 0 |4 0 |6 E1161 |7 1 |9 43824 |a Arxiu |b Arxiu |d 2016-12-01 |l 0 |o E-1-161 |p 2013 |r 2016-12-01 00:00:00 |w 2016-12-01 |y ARXIU | ||
| 999 | |c 46403 |d 46403 | ||